000 00841nam a2200277 a 4500
001 00002356
003 DO-SdBNP
005 20180117110258.0
007 00002356
008 090819s1999 000 spa d
020 _a8481301493
040 _aBPMET
_bspa
_cBPMET
100 _4Twain, Mark
240 _aThe adventures
_hespañol
245 4 _aLas aventuras de Tom Sawyer /
_bMark Twain ; prólogo Rosa Regás ; traducción J. Torroba
260 _aMadrid :
_bMillenium
_c1999
300 _a189 p. ;
_b21 cm.
490 _aLas 100 joyas del milenio
_v33
700 _4Regás, Rosa
_apról.
700 _4Torroba, J.
_atr.
830 _pLas 100 joyas del milenio
_v33
942 _2ddc
_cBK
945 _aInventariado, 2017 / YL
956 _aYLOCKWARD
_b10
_c20171212
_dBPMSU
956 _aVMATEO
_b10
_c20150226
_lBND01
_h00151
999 _c7516
_d7516